Design and fabrication of low power differential low noise amplifier for WLAN application in deep sub-micron standard CMOS technology /
Saved in:
| Main Author: | |
|---|---|
| Format: | Thesis Book |
| Language: | English |
| Published: |
2019.
|
| Subjects: | |
| Online Access: | http://studentsrepo.um.edu.my/12978/ |
| Tags: |
Add Tag
No Tags, Be the first to tag this record!
|
| LEADER | 01669cam a2200397 i 4500 | ||
|---|---|---|---|
| 001 | u1123887 | ||
| 003 | SIRSI | ||
| 005 | 201910070920 | ||
| 008 | 191007s2019 my a m 000 0 eng | ||
| 040 | |a UMM |d UMJ |d AUM |e rda | ||
| 090 | |a TK7 |b UMP 2019 Maim | ||
| 097 | |a TK7 |b UMP 2019 Maim | ||
| 100 | 0 | |a Maizan Muhamad, |e author. | |
| 245 | 1 | 0 | |a Design and fabrication of low power differential low noise amplifier for WLAN application in deep sub-micron standard CMOS technology / |c Maizan Binti Muhamad. |
| 264 | 1 | |c 2019. | |
| 300 | |a vii, 144 leaves : |b illustrations ; |c 30 cm | ||
| 336 | |a text |2 rdacontent | ||
| 337 | |a unmediated |2 rdamedia | ||
| 337 | |a computer |2 rdamedia | ||
| 338 | |a volume |2 rdacarrier | ||
| 338 | |a computer disc |2 rdacarrier | ||
| 502 | |b Ph.D. |c Jabatan Kejuruteraan Elektrik, Fakulti Kejuruteraan, Universiti Malaya |d 2019. | ||
| 504 | |a Bibliography: leaves 133-136. | ||
| 530 | |a Also issued in CD. | ||
| 650 | 0 | |a Low noise amplifiers. | |
| 650 | 0 | |a Wireless LANs. | |
| 650 | 0 | |a Noise |x Measurement. | |
| 650 | 0 | |a Electric apparatus and appliances. | |
| 650 | 0 | |a Electric circuits. | |
| 710 | 2 | |a Universiti Malaya. |b Jabatan Kejuruteraan Elektrik, |e degree granting institution. | |
| 856 | 4 | 1 | |u http://studentsrepo.um.edu.my/12978/ |
| 900 | |a NNANS NSM | ||
| 596 | |a 1 7 25 | ||
| 999 | |a TK7 UMP 2019 MAIM |w LC |c 1 |i A517375947 |f 16/10/2019 |g 1 |l STACKS |m P01UTAMA |r Y |s Y |t TESIS |u 16/10/2019 |1 STEM | ||
| 999 | |a TK7 UMP 2019 MAIM |w LC |c 1 |i A517446201 |f 22/6/2020 |g 1 |l STACKS |m P07JURUTER |r N |s Y |t TESIS |u 22/6/2020 |1 STEM | ||
| 999 | |a TK7 UMP 2019 MAIM |w LC |c 1 |i A517198045 |f 7/12/2021 |g 1 |l STACKS |m P25UMARCHI |r N |s Y |t CD |u 7/12/2021 |1 STEM |o .STAFF. MST-CD327 | ||
